00566nam a2200205 a 45000010005000000030009000050080041000140400028000550820012000831000031000952450042001262500007001682600052001753000014002274900025002416500029002666500036002959420012003319990017003435419CO-ViMGA141112s2004 ck r 000 u spa d aCO-ViMGAbspacCO-ViMGA04aNIÑpr1 aNiño, Jairo Anibal9248210aPreguntario : bpoemario para niños a3a aSantafé de Bogotá : bTres culturas, c1994 a99 p : il aLos sapitos vaqueros14aCUENTOS INFANTILES9274314aPOESIA INFANTIL COLOMBIANA9943 2ddccBK c17407d17407